000
00246nam a22001217a 4500
008
171206b xxu||||| |||| 00| 0 eng d
041
_a
eng
080
_a
621
100
_a
27
101
_a
IM
245
_a
MENDEL 96
_c
JAMES.P
942
_2
udc
_c
BK
999
_c
38798
_d
38798